Coupe du Monde de Football Femmes, les pays invaincus sur une édition - Statistiques

Statistiques générales
  • Ce quiz a été pris 61 fois
  • Le résultat moyen est 11 sur 13
Statistiques - réponses
Année Performance Pays % Correct
1991 Vainqueur Etats-Unis
98%
1999 Vainqueur Etats-Unis
98%
2015 Vainqueur Etats-Unis
98%
2019 Vainqueur Etats-Unis
98%
2023 1/8èmes de Finale Etats-Unis
98%
2023 Quarts-de-Finale France
98%
2011 Quarts-de-Finale Brésil
85%
2011 Quarts-de-Finale Angleterre
83%
2003 Vainqueur Allemagne
81%
2007 Vainqueur Allemagne
81%
1995 Vainqueur Norvège
68%
1999 Finaliste Chine
60%
2023 1/8èmes de Finale Nigéria
17%
Aucun quiz correspondant
Distribution des résultats
% des personnes avec chaque résultat
Percentile par nombre de réponses
Votre historique - résultats
Vous n’avez pas pris ce quiz